Movies Quiz

Random Movies or Actor Quiz

Actors by Characters Quiz Stats

 Plays Quiz not verified by Sporcle

Challenge
Share
Tweet
Embed
Score 0/20 Timer 05:00
0 Plays Today
Roles Actor % Correct
a Boxing Coach - a Prisoner in Alcatraz - a Korea VeteranClint Eastwood
76.8%
Prince of Troy - a Green Giant - Mossad OfficerEric Bana
66.2%
a Colonel in Vietnam - President of the USA - an AdventurerHarrison Ford
63.7%
an Illusionist - a Prisoner in Vietnam - a Psychotic Phil Collins fanChristian Bale
62.4%
a Psychologist - a Legendary Hitman - an Unbreakable ManBruce Willis
55.7%
a Green Giant - a Neo Nazi - an IllusionistEdward Norton
53.2%
a Dark Knight - Top Agent at ATF - a Dead manMichael Keaton
48.1%
Sword of God - Gambling Teacher - a CrippleKevin Spacey
46.4%
an Outlaw - a Hard Cop - a Roman WarriorRussell Crowe
46%
a Criminal Matermind - a Boxer - a Young Sicilian MobsterRobert de Niro
36.3%
Roles Actor % Correct
a Bankrobber - a Butler - a VigilanteMichael Caine
35%
a Bankrobber - a Driver - a Soccerplayer in PrisonJason Statham
27%
a Mobster - a Jew in Veniche - an AdvocateAl Pacino
26.6%
a Private Investigator - Irish Mobster - a WidowerJack Nicholson
24.1%
a Mobster - a Prison Guard - a CrippleTom Hanks
23.6%
a Midget - a Hooligan/Journalist - a Psycho, eating womanElijah Wood
21.9%
a Knight - a Russian Mobster - a Man with a secret HistoryViggo Mortensen
18.1%
a Small Cowboy - a Cool Detective - Airforce PilotOwen Wilson
11%
a French Criminal - a CIA agent - a PuppeteerJohn Malkovich
8%
a Teacher - a German Thief - a JudgeAlan Rickman
3%

You're not logged in!

Compare scores with friends on all Sporcle quizzes.
Join for Free
OR
Log In

You Might Also Like...

Show Comments

Extras

Top Quizzes Today


Score Distribution

Your Account Isn't Verified!

In order to create a playlist on Sporcle, you need to verify the email address you used during registration. Go to your Sporcle Settings to finish the process.

Report this User

Report this user for behavior that violates our Community Guidelines.

Details: